Ο βασιλιάς Ριχάρδος ο Β'
Αποθηκεύτηκε σε:
| Κύριος συγγραφέας: | |
|---|---|
| Άλλοι συγγραφείς: | |
| Μορφή: | Βιβλίο |
| Γλώσσα: | Greek English |
| Δημοσίευση: |
Αθήνα:
Επικαιρότητα,
1989.
|
| Σειρά: | Άπαντα Σαίξπηρ (Επικαιρότητα)
27 |
| Θέματα: | |
| Ετικέτες: |
Προσθήκη ετικέτας
Δεν υπάρχουν, Καταχωρήστε ετικέτα πρώτοι!
|
MARC
| LEADER | 00000cam a2200000 i 4500 | ||
|---|---|---|---|
| 001 | 1/67761 | ||
| 008 | 990125s1989 gr | ||| |||| ||gre|| | ||
| 020 | |a 9602050608 | ||
| 035 | |l 10047534 | ||
| 040 | |a GR-MyUa |b gre |e AACR2 | ||
| 041 | 1 | |a gre |h eng | |
| 082 | 7 | |a 822.33 |2 (22) | |
| 100 | 1 | |a Shakespeare, William, |d 1564-1616. | |
| 245 | 1 | 2 | |a Ο βασιλιάς Ριχάρδος ο Β' / |c Ουίλλιαμ Σαίξπηρ ; μετάφραση: Βασίλη Ρώτα. |
| 260 | |a Αθήνα: |b Επικαιρότητα, |c 1989. | ||
| 300 | |a 138 σ. ; |c 17 εκ. | ||
| 490 | 1 | |a (Άπαντα Σαίξπηρ ; |v 27) | |
| 500 | |a Τίτλος πρωτοτύπου: The Tragedy of King Richard The Second. | ||
| 650 | 0 | 0 | |a English drama. |
| 700 | 1 | |a Ρώτας, Βασίλης, |d 1889-1977, |e trl | |
| 830 | 0 | |a Άπαντα Σαίξπηρ (Επικαιρότητα) |v 27 | |
| 852 | |a INST |b RHODES |e 19990125 |h 822.33 SHA |p 005400005663 |q 005400005663 |t BK |y 0 | ||
| 901 | |a BIBL-1999-1 | ||
| 970 | |z 1999/01/25 | ||
| 922 | |a 4ΕΛΗ |b 199805 |c ΚΠΣ/Ν |d EMVASIS | ||